000 00477nam a2200181Ia 4500
003 OSt
005 20240408110758.0
008 210210b1962 xxu||||| |||| 00| 0 eng d
040 _cAL
041 _aKannada
082 _a852/345
100 _aNIRANJANA ನಿರಂಜನ
_9159372
245 _aHimalayada Dalluri
_bಹಿಮಾಲಯದ ದಳ್ಳುರಿ
260 _aBengaluru
_b-
_c1962
690 _aKannada Prose
_9159375
906 _a018914
942 _2ddc
_cBK
999 _c142720
_d142720